000 00880nam a22002537a 4500
999 _c64021
_d64021
005 20240530110710.0
008 180131s2015 ua a g b 000 0 ara d
017 _a2014/14713
_bمصر. دار الكتب
020 _a9789774991473
040 _aEG-CaGPL
_cEG-CaGPL
082 0 4 _221
_a306.44 /
_bذ ت
100 0 _aذهبية حمو الحاج
245 1 2 _aالتداولية واستراتيجية التواصل /
_cذهبية حمو الحاج
250 _aط. 1
260 _aالقاهرة :
_bرؤية للنشر و التوزيع،
_c2015.
300 _a599 ص. :
_bايض ؛
_c24 سم.
504 _aيشتمل على ارجاعات ببليوجرافية
650 0 7 _2qrmak
_aاللغة
_xعلم
650 0 7 _2qrmak
_aالاتصالات
651 _2qrmak
653 0 _aالتواصل
942 _2ddc
_cBK